000 00217nam a22000857a 4500
008 170104b xxu||||| |||| 00| 0 eng d
100 _92254
_aChugh.R.K
245 _aComputer Acivity Book-5
260 _aNew Delhi
_bG.R.K
_c2012
999 _c5141
_d5141